01831 2200181 4500001002100000005001500021035002000036008003900056245023300095100002600328260006100354300002500415084001800440520114400458082000801602650001901610990002001629INLIS00000000000540820250815095911 a0010-0825000181250815 | | | 1 aAnalisis Penerapan Aplikasi Akuntansi Berbasis Android SI APIK Untuk Membantu Usaha Mikro Dalam Menyusun Laporan Keuangan Sesuai Dengan SAK EMKM (Studi Kasus Penggilingan Bumbu Sawitto Jaya Di Tenggarong) /cAndi Arif Rahmansyah aRahmansyah, Andi Arif aTenggarong :bFEBIS-Universitas Kutai Kartanegara,c2023 a104 hlm. ;c21x30 cm a658 RAH A C.1 aAndi Arif Rahmansyah 2023, Thesis Title "The Analysis Of The Application Of Android Based Accounting Applications To Help Micro Businesses In Compiling Financial Reports In Accordance With SAK EMKM (Case Study On UMKM Penggilingan Bumbu Sawitto Jaya at Tenggarong)" Thesis from the Faculty of Economics and Business, University of Kutal Kartanegara with the guidance of Mr. Heru Suprapto SE., M.Si and Mr. All Akbar SE., M.SI
This study a im to implement a new accounting application, using the SI APIK android-based accounting application to meet the operational needs of the UMKM Penggilingan Bumbu. In addition, this study also a im to compare the old system with the new system that will be applied to UMKM.
The type of research was qualitative research with a descriptive method. This study used data collection techniques with interviews, observation, and documentation.
Research results The application of an Android-based accounting application can help prepare financial reports for Penggilingan Bumbu Sawitto Jaya more accurately and securely. The output results produced are also in accordance with SAK EMKM.
a658 4aManajemen Umum a250813110008673